| 000 | 00712nam a2200289Ia 4500 | ||
|---|---|---|---|
| 005 | 20260324125829.0 | ||
| 008 | 008 260324s9999 xx 000 0 eng d | ||
| 020 | _a9780429062544 | ||
| 037 | _aEBOOK | ||
| 040 | _aCRL | ||
| 040 | _beng | ||
| 040 | _cCRL | ||
| 041 | _2eng | ||
| 041 | _aeng | ||
| 084 | _qCRL | ||
| 100 |
_aErik Reinhard; Garrett Johnson; Erum Arif Khan; Ahmet Oguz Akyuz _91179490 |
||
| 245 | 0 | _aColor Imaging | |
| 245 | 0 | _bFundamentals and Applications | |
| 260 | _bTaylor and Francis | ||
| 260 | _c2008 | ||
| 365 | _a | ||
| 365 | _b260 | ||
| 856 | _uhttp://www.taylorfrancis.com/books/9780429062544 | ||
| 942 | _cEBOOK | ||
| 999 |
_c1775079 _d1775079 |
||